000 00389nam a2200169Ia 4500
008 170705s9999 xx 000 0 und d
020 _a9780439791656
245 _aAlice the fairy /
245 _cby David Shannon.
260 _aNew York :
260 _bScholastic,
260 _c2004
300 _aunpaged :
300 _bcolor illustration ;
300 _c28cm.
500 _a510
999 _c336052
_d336052